[Event "Helsinki Chess Festival - Girls U20"]
[Site "chess24.com"]
[Date "2019.08.14"]
[Round "1"]
[White "Lehtinen, Helja"]
[Black "Norlamo, Sarabella"]
[Result "1/2-1/2"]
[Board "1"]
[WhiteElo "1818"]
[WhiteCountry "FIN"]
[WhiteFideId "515566"]
[WhiteEloChange "5"]
[BlackElo "1998"]
[BlackCountry "FIN"]
[BlackFideId "4505344"]
[BlackEloChange "-5"]

1. d4 {[%clk 1:30:30]} Nf6 {[%clk 1:30:30]} 2. c4 {[%clk 1:31:00]} e6 {[%clk
1:31:00]} 3. Nc3 {[%clk 1:31:30]} Bb4 {[%clk 1:31:30]} 4. e3 {[%clk 1:32:00]} O-O
{[%clk 1:32:00]} 5. Ne2 {[%clk 1:32:30]} d5 {[%clk 1:32:30]} 6. a3 {[%clk
1:33:00]} Be7 {[%clk 1:33:00]} 7. cxd5 {[%clk 1:33:30]} exd5 {[%clk 1:33:30]} 8.
Ng3 {[%clk 1:34:00]} Re8 {[%clk 1:34:00]} 9. Bd3 {[%clk 1:34:30]} c5 {[%clk
1:34:30]} 10. dxc5 {[%clk 1:35:00]} Bxc5 {[%clk 1:35:00]} 11. O-O {[%clk
1:35:30]} Nc6 {[%clk 1:35:30]} 12. Bb5 {[%clk 1:36:00]} a6 {[%clk 1:36:00]} 13.
Bxc6 {[%clk 1:36:30]} bxc6 {[%clk 1:36:30]} 14. b4 {[%clk 1:37:00]} Ba7 {[%clk
1:37:00]} 15. Nce2 {[%clk 1:37:30]} Bb7 {[%clk 1:37:30]} 16. Bb2 {[%clk 1:38:00]}
Nd7 {[%clk 1:38:00]} 17. Nd4 {[%clk 1:38:30]} Ne5 {[%clk 1:38:30]} 18. Bc3 {[%clk
1:39:00]} c5 {[%clk 1:39:00]} 19. Ndf5 {[%clk 1:39:30]} g6 {[%clk 1:39:30]} 20.
Nh6+ {[%clk 1:40:00]} Kg7 {[%clk 1:40:00]} 21. Ng4 {[%clk 1:40:30]} f6 {[%clk
1:40:30]} 22. bxc5 {[%clk 1:41:00]} Bxc5 {[%clk 1:41:00]} 23. Bd4 {[%clk
1:41:30]} Bd6 {[%clk 1:41:30]} 24. Rb1 {[%clk 1:42:00]} Bc8 {[%clk 1:42:00]} 25.
Nxe5 {[%clk 1:42:30]} Bxe5 {[%clk 1:42:30]} 26. Ne2 {[%clk 1:43:00]} Bg4 {[%clk
1:43:00]} 27. Rb7+ {[%clk 1:43:30]} Re7 {[%clk 1:43:30]} 28. Rxe7+ {[%clk
1:44:00]} Qxe7 {[%clk 1:44:00]} 29. Bxe5 {[%clk 1:44:30]} Qxe5 {[%clk 1:44:30]}
30. h3 {[%clk 1:45:00]} Bxe2 {[%clk 1:45:00]} 31. Qxe2 {[%clk 1:45:30]} Qd6
{[%clk 1:45:30]} 32. Qd3 {[%clk 1:46:00]} Rd8 {[%clk 1:46:00]} 1/2-1/2

[Event "Helsinki Chess Festival - Girls U20"]
[Site "chess24.com"]
[Date "2019.08.14"]
[Round "1"]
[White "Nazarova, Anastasia"]
[Black "Nilssen, Ellen Fredericia"]
[Result "1-0"]
[Board "2"]
[WhiteFideId "34101737"]
[WhiteTitle "WFM"]
[WhiteElo "2261"]
[WhiteCountry "FIN"]
[WhiteEloChange "7"]
[BlackFideId "1441230"]
[BlackTitle "WFM"]
[BlackElo "2140"]
[BlackCountry "DEN"]
[BlackEloChange "-7"]

1. e4 {[%clk 1:30:30]} e6 {[%clk 1:30:30]} 2. d4 {[%clk 1:31:00]} d5 {[%clk
1:31:00]} 3. Nd2 {[%clk 1:31:30]} c5 {[%clk 1:31:30]} 4. exd5 {[%clk 1:32:00]}
exd5 {[%clk 1:32:00]} 5. Ngf3 {[%clk 1:32:30]} Nc6 {[%clk 1:32:30]} 6. Bb5 {[%clk
1:33:00]} cxd4 {[%clk 1:33:00]} 7. Nxd4 {[%clk 1:33:30]} Bd7 {[%clk 1:33:30]} 8.
Qe2+ {[%clk 1:34:00]} Be7 {[%clk 1:34:00]} 9. Bxc6 {[%clk 1:34:30]} bxc6 {[%clk
1:34:30]} 10. O-O {[%clk 1:35:00]} Nf6 {[%clk 1:35:00]} 11. Re1 {[%clk 1:35:30]}
O-O {[%clk 1:35:30]} 12. Qxe7 {[%clk 1:36:00]} Qb6 {[%clk 1:36:00]} 13. N4f3
{[%clk 1:36:30]} Rae8 {[%clk 1:36:30]} 14. Qd6 {[%clk 1:37:00]} Bf5 {[%clk
1:37:00]} 15. Qf4 {[%clk 1:37:30]} Rxe1+ {[%clk 1:37:30]} 16. Nxe1 {[%clk
1:38:00]} Re8 {[%clk 1:38:00]} 17. Nf1 {[%clk 1:38:30]} Rxe1 {[%clk 1:38:30]} 18.
Be3 {[%clk 1:39:00]} Rxe3 {[%clk 1:39:00]} 19. Nxe3 {[%clk 1:39:30]} Qxb2 {[%clk
1:39:30]} 20. Rd1 {[%clk 1:40:00]} Bd7 {[%clk 1:40:00]} 21. c4 {[%clk 1:40:30]}
h6 {[%clk 1:40:30]} 22. cxd5 {[%clk 1:41:00]} cxd5 {[%clk 1:41:00]} 23. Qd4
{[%clk 1:41:30]} Qxa2 {[%clk 1:41:30]} 24. Ra1 {[%clk 1:42:00]} Qe2 {[%clk
1:42:00]} 25. Qxa7 {[%clk 1:42:30]} Be6 {[%clk 1:42:30]} 26. Qd4 {[%clk 1:43:00]}
Ne4 {[%clk 1:43:00]} 27. Rf1 {[%clk 1:43:30]} Nd2 {[%clk 1:43:30]} 28. Rd1 {[%clk
1:44:00]} Ne4 {[%clk 1:44:00]} 29. Nf1 {[%clk 1:44:30]} Qc2 {[%clk 1:44:30]} 30.
Ra1 {[%clk 1:45:00]} Nc3 {[%clk 1:45:00]} 31. Kh1 {[%clk 1:45:30]} Ne4 {[%clk
1:45:30]} 32. f3 {[%clk 1:46:00]} Nd6 {[%clk 1:46:00]} 33. Qd2 {[%clk 1:46:30]}
Qb3 {[%clk 1:46:30]} 34. Rd1 {[%clk 1:47:00]} Nc4 {[%clk 1:47:00]} 35. Qd4 {[%clk
1:47:30]} Qa2 {[%clk 1:47:30]} 36. Ng3 {[%clk 1:48:00]} Qb2 {[%clk 1:48:00]} 37.
Qxb2 {[%clk 1:48:30]} Nxb2 {[%clk 1:48:30]} 38. Rd4 {[%clk 1:49:00]} Kf8 {[%clk
1:49:00]} 39. Kg1 {[%clk 1:49:30]} Ke7 {[%clk 1:49:30]} 40. Kf2 {[%clk 1:50:00]}
Kd6 {[%clk 1:50:00]} 41. f4 {[%clk 1:50:30]} Bd7 {[%clk 1:50:30]} 42. Ne4+ {[%clk
1:51:00]} Kc6 {[%clk 1:51:00]} 43. Nd2 {[%clk 1:51:30]} Nd1+ {[%clk 1:51:30]} 44.
Kf3 {[%clk 1:52:00]} Nc3 {[%clk 1:52:00]} 45. Nb3 {[%clk 1:52:30]} Bf5 {[%clk
1:52:30]} 46. Rd2 {[%clk 1:53:00]} Be4+ {[%clk 1:53:00]} 47. Ke3 {[%clk 1:53:30]}
Kb5 {[%clk 1:53:30]} 48. Nd4+ {[%clk 1:54:00]} Kc4 {[%clk 1:54:00]} 49. Nc6
{[%clk 1:54:30]} f6 {[%clk 1:54:30]} 50. Nd8 {[%clk 1:55:00]} Nb5 {[%clk
1:55:00]} 51. Ne6 {[%clk 1:55:30]} g6 {[%clk 1:55:30]} 52. g4 {[%clk 1:56:00]}
Kc3 {[%clk 1:56:00]} 53. Nd4 {[%clk 1:56:30]} Na3 {[%clk 1:56:30]} 54. Ne2+
{[%clk 1:57:00]} Kc4 {[%clk 1:57:00]} 55. Ng3 {[%clk 1:57:30]} Nc2+ {[%clk
1:57:30]} 56. Kf2 {[%clk 1:58:00]} Bd3 {[%clk 1:58:00]} 57. Ne2 {[%clk 1:58:30]}
Nd4 {[%clk 1:58:30]} 58. Nxd4 {[%clk 1:59:00]} Kxd4 {[%clk 1:59:00]} 59. h4
{[%clk 1:59:30]} Ke4 {[%clk 1:59:30]} 60. Rxd3 {[%clk 2:00:00]} Kxd3 {[%clk
2:00:00]} 61. g5 {[%clk 2:00:30]} hxg5 {[%clk 2:00:30]} 62. f5 {[%clk 2:01:00]}
gxf5 {[%clk 2:01:00]} 63. h5 {[%clk 2:01:30]} Kc2 {[%clk 2:01:30]} 64. h6 {[%clk
2:02:00]} d4 {[%clk 2:02:00]} 65. h7 {[%clk 2:02:30]} d3 {[%clk 2:02:30]} 66. h8Q
{[%clk 2:03:00]} d2 {[%clk 2:03:00]} 67. Qc8+ {[%clk 2:03:30]} Kd1 {[%clk
2:03:30]} 68. Qxf5 {[%clk 2:04:00]} Kc1 {[%clk 2:04:00]} 69. Qc5+ {[%clk
2:04:30]} Kd1 {[%clk 2:04:30]} 70. Ke3 {[%clk 2:05:00]} Ke1 {[%clk 2:05:00]} 71.
Qc3 {[%clk 2:05:30]} 1-0

[Event "Helsinki Chess Festival - Girls U20"]
[Site "chess24.com"]
[Date "2019.08.14"]
[Round "1"]
[White "Simkunaite, Gabija"]
[Black "Limanovska, Elizabete"]
[Result "0-1"]
[Board "3"]
[WhiteFideId "12808253"]
[WhiteElo "1978"]
[WhiteCountry "LTU"]
[WhiteEloChange "-5"]
[BlackFideId "11603542"]
[BlackTitle "WFM"]
[BlackElo "2169"]
[BlackCountry "LAT"]
[BlackEloChange "5"]

1. e4 {[%clk 1:30:30]} c5 {[%clk 1:30:30]} 2. c3 {[%clk 1:31:00]} Nf6 {[%clk
1:31:00]} 3. e5 {[%clk 1:31:30]} Nd5 {[%clk 1:31:30]} 4. d4 {[%clk 1:32:00]} cxd4
{[%clk 1:32:00]} 5. Nf3 {[%clk 1:32:30]} d6 {[%clk 1:32:30]} 6. cxd4 {[%clk
1:33:00]} dxe5 {[%clk 1:33:00]} 7. Nxe5 {[%clk 1:33:30]} Nc6 {[%clk 1:33:30]} 8.
Nxc6 {[%clk 1:34:00]} bxc6 {[%clk 1:34:00]} 9. Nc3 {[%clk 1:34:30]} g6 {[%clk
1:34:30]} 10. Nxd5 {[%clk 1:35:00]} Qxd5 {[%clk 1:35:00]} 11. Be2 {[%clk
1:35:30]} Bg7 {[%clk 1:35:30]} 12. Be3 {[%clk 1:36:00]} O-O {[%clk 1:36:00]} 13.
O-O {[%clk 1:36:30]} Bf5 {[%clk 1:36:30]} 14. Qa4 {[%clk 1:37:00]} Be4 {[%clk
1:37:00]} 15. f3 {[%clk 1:37:30]} Bf5 {[%clk 1:37:30]} 16. Rac1 {[%clk 1:38:00]}
Bd7 {[%clk 1:38:00]} 17. Rc5 {[%clk 1:38:30]} Qd6 {[%clk 1:38:30]} 18. Rd1 {[%clk
1:39:00]} Rab8 {[%clk 1:39:00]} 19. b4 {[%clk 1:39:30]} Be6 {[%clk 1:39:30]} 20.
a3 {[%clk 1:40:00]} Bd5 {[%clk 1:40:00]} 21. Bc4 {[%clk 1:40:30]} Qe6 {[%clk
1:40:30]} 22. Qb3 {[%clk 1:41:00]} Bxc4 {[%clk 1:41:00]} 23. Rxc4 {[%clk
1:41:30]} a5 {[%clk 1:41:30]} 24. Rd3 {[%clk 1:42:00]} axb4 {[%clk 1:42:00]} 25.
Rxb4 {[%clk 1:42:30]} Rxb4 {[%clk 1:42:30]} 26. Qxb4 {[%clk 1:43:00]} Qd7 {[%clk
1:43:00]} 27. a4 {[%clk 1:43:30]} e5 {[%clk 1:43:30]} 28. Rd2 {[%clk 1:44:00]}
Qc7 {[%clk 1:44:00]} 29. dxe5 {[%clk 1:44:30]} Bxe5 {[%clk 1:44:30]} 30. f4
{[%clk 1:45:00]} Rb8 {[%clk 1:45:00]} 31. Qe4 {[%clk 1:45:30]} Bf6 {[%clk
1:45:30]} 32. f5 {[%clk 1:46:00]} Ra8 {[%clk 1:46:00]} 33. fxg6 {[%clk 1:46:30]}
hxg6 {[%clk 1:46:30]} 34. Rc2 {[%clk 1:47:00]} Qa5 {[%clk 1:47:00]} 35. Rf2
{[%clk 1:47:30]} Bg7 {[%clk 1:47:30]} 36. Qf4 {[%clk 1:48:00]} Qd5 {[%clk
1:48:00]} 37. Rd2 {[%clk 1:48:30]} Qb3 {[%clk 1:48:30]} 38. a5 {[%clk 1:49:00]}
Bc3 {[%clk 1:49:00]} 39. Rf2 {[%clk 1:49:30]} Rxa5 {[%clk 1:49:30]} 40. g4 {[%clk
1:50:00]} Ra1+ {[%clk 1:50:00]} 41. Kg2 {[%clk 1:50:30]} Ra4 {[%clk 1:50:30]} 42.
Qc7 {[%clk 1:51:00]} Rxg4+ {[%clk 1:51:00]} 43. Kf3 {[%clk 1:51:30]} Qe6 {[%clk
1:51:30]} 44. h3 {[%clk 1:52:00]} Re4 {[%clk 1:52:00]} 45. Bh6 {[%clk 1:52:30]}
Qd5 {[%clk 1:52:30]} 0-1

[Event "Helsinki Chess Festival - Girls U20"]
[Site "chess24.com"]
[Date "2019.08.14"]
[Round "1"]
[White "Hina, Ariza"]
[Black "Diakonova, Ekaterina"]
[Result "0-1"]
[Board "4"]
[WhiteElo "1737"]
[WhiteCountry "NOR"]
[WhiteFideId "1525441"]
[WhiteEloChange "-2"]
[BlackElo "2209"]
[BlackCountry "RUS"]
[BlackFideId "24172936"]
[BlackEloChange "2"]

1. e4 {[%clk 1:30:30]} c6 {[%clk 1:30:30]} 2. d4 {[%clk 1:31:00]} d5 {[%clk
1:31:00]} 3. Nc3 {[%clk 1:31:30]} dxe4 {[%clk 1:31:30]} 4. Nxe4 {[%clk 1:32:00]}
Bf5 {[%clk 1:32:00]} 5. Ng3 {[%clk 1:32:30]} Bg6 {[%clk 1:32:30]} 6. Nh3 {[%clk
1:33:00]} e6 {[%clk 1:33:00]} 7. Nf4 {[%clk 1:33:30]} Qh4 {[%clk 1:33:30]} 8. Be3
{[%clk 1:34:00]} Bd6 {[%clk 1:34:00]} 9. Nxg6 {[%clk 1:34:30]} hxg6 {[%clk
1:34:30]} 10. Be2 {[%clk 1:35:00]} Bxg3 {[%clk 1:35:00]} 11. fxg3 {[%clk
1:35:30]} Qe4 {[%clk 1:35:30]} 12. Bf2 {[%clk 1:36:00]} Qxg2 {[%clk 1:36:00]} 13.
Bf3 {[%clk 1:36:30]} Qh3 {[%clk 1:36:30]} 14. Qd3 {[%clk 1:37:00]} Nd7 {[%clk
1:37:00]} 15. Qb3 {[%clk 1:37:30]} O-O-O {[%clk 1:37:30]} 16. O-O-O {[%clk
1:38:00]} g5 {[%clk 1:38:00]} 17. d5 {[%clk 1:38:30]} exd5 {[%clk 1:38:30]} 18.
Bxa7 {[%clk 1:39:00]} Nb8 {[%clk 1:39:00]} 19. Bb6 {[%clk 1:39:30]} Rd7 {[%clk
1:39:30]} 20. Qe3 {[%clk 1:40:00]} Nf6 {[%clk 1:40:00]} 21. Qxg5 {[%clk 1:40:30]}
Qh6 {[%clk 1:40:30]} 22. Qxh6 {[%clk 1:41:00]} Rxh6 {[%clk 1:41:00]} 23. g4
{[%clk 1:41:30]} Ne4 {[%clk 1:41:30]} 24. Rde1 {[%clk 1:42:00]} Re7 {[%clk
1:42:00]} 25. g5 {[%clk 1:42:30]} Rh4 {[%clk 1:42:30]} 26. h3 {[%clk 1:43:00]}
Nd7 {[%clk 1:43:00]} 27. Bd4 {[%clk 1:43:30]} Ne5 {[%clk 1:43:30]} 28. Bxe4
{[%clk 1:44:00]} dxe4 {[%clk 1:44:00]} 29. Rhf1 {[%clk 1:44:30]} Rxh3 {[%clk
1:44:30]} 30. Rxe4 {[%clk 1:45:00]} f6 {[%clk 1:45:00]} 31. gxf6 {[%clk 1:45:30]}
gxf6 {[%clk 1:45:30]} 32. Bxe5 {[%clk 1:46:00]} Rxe5 {[%clk 1:46:00]} 33. Rxe5
{[%clk 1:46:30]} fxe5 {[%clk 1:46:30]} 34. Re1 {[%clk 1:47:00]} Rh5 {[%clk
1:47:00]} 35. Kd2 {[%clk 1:47:30]} Kc7 {[%clk 1:47:30]} 36. Kd3 {[%clk 1:48:00]}
Kd6 {[%clk 1:48:00]} 37. Kc4 {[%clk 1:48:30]} Rh4+ {[%clk 1:48:30]} 38. Kd3
{[%clk 1:49:00]} Kd5 {[%clk 1:49:00]} 39. c4+ {[%clk 1:49:30]} Kd6 {[%clk
1:49:30]} 40. b4 {[%clk 1:50:00]} b5 {[%clk 1:50:00]} 41. cxb5 {[%clk 1:50:30]}
cxb5 {[%clk 1:50:30]} 42. a3 {[%clk 1:51:00]} Rh3+ {[%clk 1:51:00]} 43. Ke4
{[%clk 1:51:30]} Rh4+ {[%clk 1:51:30]} 44. Kf5 {[%clk 1:52:00]} Rf4+ {[%clk
1:52:00]} 45. Kg5 {[%clk 1:52:30]} Rf2 {[%clk 1:52:30]} 46. Kg4 {[%clk 1:53:00]}
Kd5 {[%clk 1:53:00]} 47. Kg3 {[%clk 1:53:30]} Rc2 {[%clk 1:53:30]} 48. Rd1+
{[%clk 1:54:00]} Kc4 {[%clk 1:54:00]} 49. Kf3 {[%clk 1:54:30]} Rc3+ {[%clk
1:54:30]} 50. Ke4 {[%clk 1:55:00]} Rxa3 {[%clk 1:55:00]} 51. Rc1+ {[%clk
1:55:30]} Kxb4 {[%clk 1:55:30]} 52. Kxe5 {[%clk 1:56:00]} Rc3 {[%clk 1:56:00]}
53. Rb1+ {[%clk 1:56:30]} Kc4 {[%clk 1:56:30]} 54. Ra1 {[%clk 1:57:00]} b4 {[%clk
1:57:00]} 55. Ra8 {[%clk 1:57:30]} Re3+ {[%clk 1:57:30]} 56. Kd6 {[%clk 1:58:00]}
Kc3 {[%clk 1:58:00]} 57. Kc5 {[%clk 1:58:30]} Re5+ {[%clk 1:58:30]} 58. Kd6
{[%clk 1:59:00]} Rh5 {[%clk 1:59:00]} 59. Rc8+ {[%clk 1:59:30]} Kb2 {[%clk
1:59:30]} 60. Rb8 {[%clk 2:00:00]} b3 {[%clk 2:00:00]} 61. Rb7 {[%clk 2:00:30]}
Kc2 {[%clk 2:00:30]} 62. Rc7+ {[%clk 2:01:00]} Kb1 {[%clk 2:01:00]} 63. Rb7
{[%clk 2:01:30]} b2 {[%clk 2:01:30]} 64. Ra7 {[%clk 2:02:00]} Rh3 {[%clk
2:02:00]} 65. Kd5 {[%clk 2:02:30]} Kc2 {[%clk 2:02:30]} 0-1

[Event "Helsinki Chess Festival - Girls U20"]
[Site "chess24.com"]
[Date "2019.08.14"]
[Round "1"]
[White "Narva, Mai"]
[Black "Olde, Margareth"]
[Result "0-1"]
[Board "5"]
[WhiteTitle "WIM"]
[WhiteElo "2358"]
[WhiteCountry "EST"]
[WhiteFideId "4500512"]
[WhiteEloChange "-16"]
[BlackFideId "4503082"]
[BlackTitle "WFM"]
[BlackElo "2122"]
[BlackCountry "EST"]
[BlackEloChange "16"]

1. e4 {[%clk 1:30:30]} e5 {[%clk 1:30:30]} 2. Nf3 {[%clk 1:31:00]} Nc6 {[%clk
1:31:00]} 3. Bb5 {[%clk 1:31:30]} a6 {[%clk 1:31:30]} 4. Ba4 {[%clk 1:32:00]} Nf6
{[%clk 1:32:00]} 5. O-O {[%clk 1:32:30]} Be7 {[%clk 1:32:30]} 6. Re1 {[%clk
1:33:00]} b5 {[%clk 1:33:00]} 7. Bb3 {[%clk 1:33:30]} d6 {[%clk 1:33:30]} 8. c3
{[%clk 1:34:00]} O-O {[%clk 1:34:00]} 9. h3 {[%clk 1:34:30]} Nb8 {[%clk 1:34:30]}
10. d4 {[%clk 1:35:00]} Nbd7 {[%clk 1:35:00]} 11. Nbd2 {[%clk 1:35:30]} c5 {[%clk
1:35:30]} 12. Nf1 {[%clk 1:36:00]} Re8 {[%clk 1:36:00]} 13. Ng3 {[%clk 1:36:30]}
Bf8 {[%clk 1:36:30]} 14. a4 {[%clk 1:37:00]} Rb8 {[%clk 1:37:00]} 15. d5 {[%clk
1:37:30]} c4 {[%clk 1:37:30]} 16. Bc2 {[%clk 1:38:00]} g6 {[%clk 1:38:00]} 17.
axb5 {[%clk 1:38:30]} axb5 {[%clk 1:38:30]} 18. Be3 {[%clk 1:39:00]} Qc7 {[%clk
1:39:00]} 19. Qd2 {[%clk 1:39:30]} Nc5 {[%clk 1:39:30]} 20. Ra3 {[%clk 1:40:00]}
Bd7 {[%clk 1:40:00]} 21. Bh6 {[%clk 1:40:30]} Bxh6 {[%clk 1:40:30]} 22. Qxh6
{[%clk 1:41:00]} Qd8 {[%clk 1:41:00]} 23. Nh4 {[%clk 1:41:30]} Kh8 {[%clk
1:41:30]} 24. Nf3 {[%clk 1:42:00]} Ng8 {[%clk 1:42:00]} 25. Qe3 {[%clk 1:42:30]}
Qf6 {[%clk 1:42:30]} 26. Ra7 {[%clk 1:43:00]} Ra8 {[%clk 1:43:00]} 27. Rea1
{[%clk 1:43:30]} Rxa7 {[%clk 1:43:30]} 28. Rxa7 {[%clk 1:44:00]} Qf4 {[%clk
1:44:00]} 29. Qxf4 {[%clk 1:44:30]} exf4 {[%clk 1:44:30]} 30. Ne2 {[%clk
1:45:00]} Nf6 {[%clk 1:45:00]} 31. Nxf4 {[%clk 1:45:30]} Nfxe4 {[%clk 1:45:30]}
32. h4 {[%clk 1:46:00]} h6 {[%clk 1:46:00]} 33. g3 {[%clk 1:46:30]} Kg8 {[%clk
1:46:30]} 34. Nd4 {[%clk 1:47:00]} Nf6 {[%clk 1:47:00]} 35. b4 {[%clk 1:47:30]}
cxb3 {[%clk 1:47:30]} 36. Nxb3 {[%clk 1:48:00]} Nxb3 {[%clk 1:48:00]} 37. Bxb3
{[%clk 1:48:30]} Rc8 {[%clk 1:48:30]} 38. Ne2 {[%clk 1:49:00]} Bg4 {[%clk
1:49:00]} 39. Bd1 {[%clk 1:49:30]} Nxd5 {[%clk 1:49:30]} 40. Nf4 {[%clk 1:50:00]}
Bxd1 {[%clk 1:50:00]} 41. Nxd5 {[%clk 1:50:30]} Kg7 {[%clk 1:50:30]} 42. Kg2
{[%clk 1:51:00]} Rc5 {[%clk 1:51:00]} 43. Nc7 {[%clk 1:51:30]} Kf8 {[%clk
1:51:30]} 44. Rb7 {[%clk 1:52:00]} Bb3 {[%clk 1:52:00]} 45. Rb8+ {[%clk 1:52:30]}
Ke7 {[%clk 1:52:30]} 46. Nxb5 {[%clk 1:53:00]} Bd5+ {[%clk 1:53:00]} 47. f3
{[%clk 1:53:30]} Bc6 {[%clk 1:53:30]} 48. Nd4 {[%clk 1:54:00]} Rxc3 {[%clk
1:54:00]} 49. h5 {[%clk 1:54:30]} Bd5 {[%clk 1:54:30]} 50. hxg6 {[%clk 1:55:00]}
fxg6 {[%clk 1:55:00]} 51. Kf2 {[%clk 1:55:30]} Rd3 {[%clk 1:55:30]} 52. Rb4
{[%clk 1:56:00]} Kf6 {[%clk 1:56:00]} 53. f4 {[%clk 1:56:30]} g5 {[%clk 1:56:30]}
54. fxg5+ {[%clk 1:57:00]} hxg5 {[%clk 1:57:00]} 55. Ne2 {[%clk 1:57:30]} Rf3+
{[%clk 1:57:30]} 56. Ke1 {[%clk 1:58:00]} Ra3 {[%clk 1:58:00]} 57. Rd4 {[%clk
1:58:30]} Ke5 {[%clk 1:58:30]} 58. Rg4 {[%clk 1:59:00]} Kf5 {[%clk 1:59:00]} 59.
Rd4 {[%clk 1:59:30]} Ke6 {[%clk 1:59:30]} 60. Rg4 {[%clk 2:00:00]} Ra1+ {[%clk
2:00:00]} 61. Kf2 {[%clk 2:00:30]} Ra2 {[%clk 2:00:30]} 62. Ke3 {[%clk 2:01:00]}
Kf5 {[%clk 2:01:00]} 63. Rd4 {[%clk 2:01:30]} Ra3+ {[%clk 2:01:30]} 64. Kf2
{[%clk 2:02:00]} Ke5 {[%clk 2:02:00]} 65. Rg4 {[%clk 2:02:30]} Kf5 {[%clk
2:02:30]} 66. Rd4 {[%clk 2:03:00]} Bf3 {[%clk 2:03:00]} 67. Rxd6 {[%clk 2:03:30]}
Bxe2 {[%clk 2:03:30]} 68. Kxe2 {[%clk 2:04:00]} Rxg3 {[%clk 2:04:00]} 69. Rd4
{[%clk 2:04:30]} Rg4 {[%clk 2:04:30]} 70. Rd3 {[%clk 2:05:00]} Rf4 {[%clk
2:05:00]} 71. Rg3 {[%clk 2:05:30]} g4 {[%clk 2:05:30]} 72. Rg1 {[%clk 2:06:00]}
Kg5 {[%clk 2:06:00]} 73. Ke3 {[%clk 2:06:30]} Rf8 {[%clk 2:06:30]} 74. Rh1 {[%clk
2:07:00]} g3 {[%clk 2:07:00]} 75. Rh7 {[%clk 2:07:30]} Kg4 {[%clk 2:07:30]} 76.
Rg7+ {[%clk 2:08:00]} Kh3 {[%clk 2:08:00]} 77. Ke2 {[%clk 2:08:30]} Kg2 {[%clk
2:08:30]} 78. Ke3 {[%clk 2:09:00]} Rf6 {[%clk 2:09:00]} 79. Ke2 {[%clk 2:09:30]}
Re6+ {[%clk 2:09:30]} 80. Kd2 {[%clk 2:10:00]} Kf2 {[%clk 2:10:00]} 81. Rf7+
{[%clk 2:10:30]} Kg1 {[%clk 2:10:30]} 82. Rg7 {[%clk 2:11:00]} g2 {[%clk
2:11:00]} 83. Kd3 {[%clk 2:11:30]} Re5 {[%clk 2:11:30]} 84. Kd4 {[%clk 2:12:00]}
Re2 {[%clk 2:12:00]} 85. Rf7 {[%clk 2:12:30]} Kh2 {[%clk 2:12:30]} 86. Rh7+
{[%clk 2:13:00]} Kg3 {[%clk 2:13:00]} 87. Rg7+ {[%clk 2:13:30]} Kf2 {[%clk
2:13:30]} 88. Rf7+ {[%clk 2:14:00]} Ke1 {[%clk 2:14:00]} 89. Rg7 {[%clk 2:14:30]}
Kf1 {[%clk 2:14:30]} 90. Kd3 {[%clk 2:15:00]} Rf2 {[%clk 2:15:00]} 0-1